| 000 | 00805nam a2200229Ii 4500 | ||
|---|---|---|---|
| 003 | JO-AjNU | ||
| 008 | 230605s9999||||xx |||||||||||||| ||und|| | ||
| 017 | _a2005/8/1994 | ||
| 020 | _a9957-16-102-4 | ||
| 040 |
_aJO-AjNU _bara _erda _cJO-AjNU |
||
| 041 | _aara | ||
| 050 | 1 | 4 | _aJZ1405.F38.2006 |
| 100 | 3 |
_a الفتلاوي ، سهيل حسين , _eauthor _925904 |
|
| 245 | 0 | 0 | _aالدبلوماسية بين النظرية والتطبيق |
| 250 | _aط1 | ||
| 264 | 3 | 1 | _aعمان : دار الثقافة ، 2006 |
| 300 | _a272ص | ||
| 336 |
_atext _btxt _2rdacontent |
||
| 337 |
_aunmediated _bn _2rdamedia |
||
| 338 |
_avolume _bnc _2rdacarrier |
||
| 650 | 4 |
_aالدبلوماسية -- العلوم السياسية -- السياسة الخارجية -- العلاقات الدولية _925905 |
|
| 999 |
_aA9749 _c13317 _d13317 |
||